00951nam a2200181Ia 4500008004100000082002300041100002900064245011700093260002400210300001100234502009200245650007300337700004500410952009700455952010000552952010000652999001700752120622s9999 xx 000 0 und d aT 642.6 D542a 2001 aDíaz Salmeron, Anselmo aAplicación de la administración en banquetes / Anselmo Díaz Salmeron, Lourdes Guadalupe Tellez Rodríguez aMéxico : El autor a103 h. aTESIS (Lic. en administración hotelera). -- Universidad Insurgentes. Plantel Viaducto a1. ADMINISTRACION HOTELERA \ 2. COMIDAS Y BANQUETES - ADMINISTRACION aTellez Rodríguez, Lourdes GuadalupeÌ 00104070a01b01d2007-01-25l0oT 642.6 D542A 2001p01 006900r2012-06-24w2012-06-24yLB 00104070a01b01d2007-01-25l0oT 642.6 D542A 2001p01 006901r2012-06-24t2w2012-06-24yLB 00104070a01b01d2007-01-25l0oT 642.6 D542A 2001p01 006902r2012-06-24t3w2012-06-24yLB c55650d55650